000
00293nam a2200121Ia 4500
008
191201s2014 xx 000 0 und d
100
_a
RAMAMRUTHAM, S
245
0
_a
Theory of structures
260
_a
N. delhi
_b
Dhanpat Rai
_c
2014
300
_a
1272
650
_a
B.Tech(CE)
942
_2
ddc
_c
BK
_0
9
999
_c
6294
_d
6294